Statistics for Macbeth gcse quotes

Click here to take the quiz!

General Stats

  • This quiz has been taken 13 times
  • The average score is 5 of 31

Answer Stats

HintAnswer% Correct
lady macbeth asking to be less lady likeunsex me here
80%
witches famous line - employs a paradox - foreshadows the deception of macbeth / witches symbolic of ---- but five ---- advicefair is foul and foul is fair
50%
macbeth hiding his nobleness / deceit / crossing the king / treachery (stars)stars hide your fires let not light see my black and deep desires
50%
lady macbeth trying to reassure macbeth that you can just wipe off the guilt (little water)a little water clears us of this deed
40%
semantic field of darkness implies reliance on what we can see - it makes us gulliblecome thick night
20%
macbeths guilt (amen)i could not say amen
20%
lady macbeth guilt hallucinating blood exclamativesout dammed spot! out i say!
20%
lady macbeth saying she can change her actions as theyre in the pastwhats done cannot be undone
20%
lady macbeth wanting to have supernatural powers - imperativecome you spirits that tend on mortal thoughts
10%
lady macbeth imperative, demanding supernatural helpcome you spirits unsex me here
10%
macbeth so guilty that he cannot name what he has donei have done the deed
10%
lady macbeth telling macbeth to be something hes not - deception juxtopositionlook like the innocent flower but be the serpent under
10%
macbeths guilt, metaphor,lack of sleep unnatural (innocent)macbeth does murder sleep innocent sleep
10%
macbeths guilt keeping him up at nightmacbeth shall sleep no more
10%
banquo telling macbeths that people are often tricked by being given small truthsoften times to win us to our harm the instruments of darkness tell us truths ... to betray
10%
duncan to macbeth situational irony describing him as nobleo valiant cousin worthy gentleman
10%
lady macbeths confidence - hyping up macbethscrew your courage to the sticking place and we will not fail
10%
macbeth being demanding - imperitives - spoken at witchesstay you imperfect speakers tell me more
10%
imperative, shows power,tell me thou unknown power
10%
lady macbeth personification of knife implies self deception - knife is a symbol of herselfthat my keen knife see not the wound it makes
10%
lady macbeth saying she cant cover the guilt (perfumes arabia)the smell of blood still all the perfumes of arabia will not sweeten this little hand
10%
doctor saying bad actions lead to bad consequencesunnatural deeds do bread unnatural troubles
10%
witches implying there are 2 sides to every storywhen the battles lost and won
10%
macbeths guilt (neptune)will all neptunes ocean wash this blood clean from my hand? no
10%
lady macbeth saying the guilt will never gowill these hands ever be clean?
10%
lady macbeth emphasising their service they have done for the kingall our service in every point twice done and done the double
0%
macbeths extreme ambition
(horse)
i have no spur to prick the sides of my intent but only vaulting ambition which overleaps itself
0%
macbeths determination to win the fight with macduff (bones)ill fight till from my bones my flesh be hacked
0%
macbeth hallucinating- draw to witchesis this a dagger i see before me?
0%
macbeth saying that he will do the first thing that pops into his head - ambition, power (firstlings)the very firstlings of my heart shall be the firstlings of my hand
0%
lady macbeth is concerned that macbeth is too kindyet i do fear thy nature it is too full of milk of human kindness to catch the nearest way
0%

Score Distribution

Percentile by Number Answered

Percent of People with Each Score

Your Score History

You have not taken this quiz